000 00795cab a2200229 4500
001 WB3418-49
008 090401t1998 xxu||||| |||| 00| 0 eng d
035 _a(Sirsi) u86158
041 _aeng
245 _aTraffic restrictions
260 _c1998
350 _a0
490 _aFinancial Times
_v9/10 May 1998, 11(2)
520 _aSingapore has proven that traffic congestion can be reduced quickly and relatively easily. Last month, the city introduced an electronic road pricing system which automatically deducts tolls from cash cards slotted into the dashboard.
650 _aELECTRONIC ROAD PRICING SCHEMES
650 _aSINGAPORE
650 _aTRAFFIC CONGESTION
650 _aTRAFFIC REDUCTION
690 _aTRANSPORT AND COMMUNICATIONS
942 _n0
948 _c13/05/1998
999 _c54197
_d54197